| 000 | 00444nam a22001697a 4500 | ||
|---|---|---|---|
| 003 | MACL | ||
| 005 | 20160119153855.0 | ||
| 008 | 160119b xxu||||| |||| 00| 0 eng d | ||
| 040 | _cMACL | ||
| 041 | _aEnglish | ||
| 082 | _a004.6/KIN | ||
| 100 |
_aKinnaman,Dave _933284 |
||
| 245 | _aTCP/IP Accelerated MCSE Study Guide | ||
| 260 |
_aNew Delhi _bTata Mcgraw Hill Publishing Co. Ltd _c1999 |
||
| 650 |
_aComputer Science _916 |
||
| 942 |
_2ddc _cBK |
||
| 999 |
_c52798 _d52798 |
||